Разум сердца: Мир нравственности в высказываниях и афоризмах

Podrobná bibliografie
Další autoři: Назаров В. Н. (составитель), Сидоров Г. П.
Jazyk:ruština
Vydáno: Москва, Политиздат, 1989
Témata:
Médium: MixedMaterials Kniha
KOHA link:https://koha.lib.tpu.ru/cgi-bin/koha/opac-detail.pl?biblionumber=20304

MARC

LEADER 00000nam0a2200000 4500
001 20304
005 20231030192024.0
010 |a 5250003540 
035 |a (RuTPU)RU\TPU\book\20483 
035 |a BOOK00000031 
090 |a 20304 
100 |a 20011209d1989 km y0rusy50 ca 
101 0 |a rus 
102 |a RU 
105 |a a z 001zy 
200 1 |a Разум сердца  |e Мир нравственности в высказываниях и афоризмах  |f сост. В. Н. Назаров ; Г. П. Сидоров 
210 |a Москва  |c Политиздат  |d 1989 
215 |a 604 с. 
320 |a Библиогр.: с. 549-600 
610 1 |a этика 
610 1 |a мораль 
610 1 |a нравственность 
610 1 |a афоризмы 
686 |a Ю711  |v LBC/SL-A  |2 rubbk 
702 1 |a Назаров  |b В. Н.  |4 220 
702 1 |a Сидоров  |b Г. П.  |4 220 
801 0 |a RU  |b 63413507  |c 20011209  |g PSBO 
801 2 |a RU  |b 63413507  |c 20230126  |g PSBO 
942 |c BK